Responses for Show #5960 - Friday, July 9, 2010

2010 Kids Week game 5.

Contestants

[<< previous game]

Sita Yerramsetti, an eleven-year-old from Houston, Texas

Jack Weisman, a twelve-year-old from Beachwood, Ohio

Vivian Lappenbusch, a twelve-year-old from Seattle, Washington

[next game >>]

Jeopardy! Round responses

HUMAN BODY NUMBERS
PRO SPORTS
SOUNDS LIKE A NEW POKEMON
LITERARY MONSTERS
FARMVILLE
E BEFORE I
    $200 13
20

Jack
    $200 3
a maple leaf

Jack
    $200 26
Inca

Sita
    $200 1
Frankenstein

Sita
    $200 21
a rooster

Sita
    $200 8
neighbor

Vivian
    $400 14
ribs

Jack
    $400 4
auto

Jack
    $400 27
an instrument

Jack
    $400 2
Goosebumps

Jack
    $400 22
a coop

Vivian
    $400 9
eighteen

Jack
    $600 15
206

Vivian
    $600 5
(Alex: Spare tires... tires... [*].)

Detroit Pistons

Triple Stumper
    $600 28
a coat (or jacket)

Jack
    $600 16
a squid

Vivian
    $600 23
a bale

Jack
    $600 10
veins

Sita
    $800 19
muscles

Jack
    $800 6
Marlins

Jack
    $800 29
a sword

Sita
    $800 17
the minotaur

Sita
    $1,000 24
harvest

Jack
    $800 11
(Jack: What is in--oh.

[Mouths word])

foreign

JackSita
    $1000 20
knees

Sita
    $1000 7
(Annika) Sorenstam

Jack
    $1000 30
a herbivore

Sita
    $1000 18
broccoli

Vivian
    $1000 25
cows

Jack
    $1000 12
weird

Jack

Scores at the first commercial break (after clue 15):

Vivian Jack Sita
$800 $4,000 $1,600

Scores at the end of the Jeopardy! Round:

Vivian Jack Sita
$2,800 $8,400 $5,600

Double Jeopardy! Round responses

THE CIVIL WAR
FUN WITH COLORS
THOUGHT FOR FOOD
PREFIXES
WORLD GEOGRAPHY
FACE THE MUSIC
    $400 5
the Gettysburg Address

Jack
    $400 23
pearl

Jack
    $400 9
egg

Sita
    $400 1
astro-

Sita
    $400 21
Vienna

Sita
    $400 16
Carrie Underwood

Jack
    $800 6
(Sita: Who is Grant?)

(General) Sherman

JackSita
    $800 24
(Vivian: What is walnut?)
(Jack: What is chestnut?)

almond

VivianJack
Triple Stumper
    $800 10
pigs

Sita
    $800 2
by hand

Sita
    $800 22
the Mediterranean Sea

Jack
    $800 26
(Demi) Lovato

Jack
    $1200 7
Jefferson Davis

Sita
    $1200 25
a lemon

Sita
    $1200 11
sauerkraut

Sita
    $1200 3
a thousand

Sita
    $1200 18
Japan

Jack
    $1200 27
Taylor Swift

Sita
    $3,000 8
Fort Sumter

Sita
    $1600 19
a red flag

Jack
    $1600 12
Olympus

Jack
    $1600 4
hemi-

Jack
    $1600 17
(Sita: What is Camberra?)

Melbourne

JackSita
    $1600 29
Joe Jonas

Jack
    $2000 13
a stone wall (Stonewall)

Sita
    $2000 28
Greenpeace

Sita
    $2000 14
a croissant

Sita
    $2000 15
(Jack: What is orno-?)
(Sita: What is icthy-?)

ornith- (or ornitho-)

JackSita
Triple Stumper
    $3,000 20
the Pyrenees

Jack
    $2000 30
Justin Bieber

Vivian

Scores at the end of the Double Jeopardy! Round:

Vivian Jack Sita
$4,000 $21,400 $19,000

[wagering suggestions for these scores]

Final Jeopardy! Round responses

BOOKS FOR KIDS
(Alex: I suppose it would've helped if you had seen the movie starring Johnny Depp.)
...
(Alex: [Revealing Sita's response] It looks like "wombut", like you were having fun.)
VivianWhat is ?
$4,000
SitaWhat is the Wombat?
$18,999
JackWhat is the turtle?
$16,601
the dormouse

Final scores:

Vivian Jack Sita
$0 $4,799 $1
3rd place: $1,000 Winner: $15,000 + a family vacation to the Galápagos Islands 2nd place: $2,000

Game dynamics:

Coryat scores:

Vivian Jack Sita
$4,000 $20,200 $17,600
6 R,
1 W
28 R
(including 2 DDs),
3 W
23 R
(including 1 DD),
3 W

Combined Coryat: $41,800

[game clues] [game scores] [suggest correction]

Game tape date: 2010-03-08
The J! Archive is created by fans, for fans. Scraping, republication, monetization, and malicious use prohibited; this site may use cookies and collect identifying information. See terms. The Jeopardy! game show and all elements thereof, including but not limited to copyright and trademark thereto, are the property of Jeopardy Productions, Inc. and are protected under law. This website is not affiliated with, sponsored by, or operated by Jeopardy Productions, Inc. Join the discussion at JBoard.tv.